Dôchodky na účty

Poukazovanie dávok dôchodkového zabezpečenia na účet. Banky, s ktorými uzatvorila Sociálna poisťovňa zmluvu o poukazovaní dôchodku na účet. Počty vyplácaných dôchodkov celkom. Výhody účtu dôchodcu.

Gespeichert in:
Bibliographische Detailangaben
1. Verfasser: Medžová, Andrea
Format: Buch
Sprache:Slowakisch
Schlagworte:
Tags: Tag hinzufügen
Keine Tags, Fügen Sie das erste Tag hinzu!

MARC

LEADER 00000nam a2200000 4500
001 r030886
005 20251104124713.3
041 0 |a slo 
044 |a SK 
245 1 0 |a Dôchodky na účty  |c Andrea Medžová 
520 |a Poukazovanie dávok dôchodkového zabezpečenia na účet. Banky, s ktorými uzatvorila Sociálna poisťovňa zmluvu o poukazovaní dôchodku na účet. Počty vyplácaných dôchodkov celkom. Výhody účtu dôchodcu. 
610 2 0 |a zabezpečenie sociálne 
610 2 0 |a účty bankové 
610 2 0 |a Slovensko 
610 2 0 |a Sociálna poisťovňa, a.s. Bratislava 
610 2 0 |a Istrobanka, a.s. Bratislava 
610 2 0 |a Poľnobanka, a.s. Bratislava 
610 2 0 |a Prvá komunálna banka, a.s. Bratislava 
610 2 0 |a Slovenská sporiteľňa, a.s. Bratislava 
610 2 0 |a Slovenská kreditná banka, a.s. Bratislava 
610 2 0 |a Ľudová banka, a.s. Bratislava 
610 2 0 |a Poštová banka, a.s. Bratislava 
610 2 0 |a Tatra banka, a.s. Bratislava 
610 2 0 |a IRB, a.s. Bratislava 
610 2 0 |a VÚB, a.s. Bratislava 
610 2 0 |a Priemyselná banka, a.s. Bratislava 
100 1 |a Medžová, Andrea